| 000 | 00721nam a2200241 i 4500 | ||
|---|---|---|---|
| 001 | 12901 | ||
| 003 | ES-MaACL | ||
| 005 | 20230906150431.0 | ||
| 007 | t| | ||
| 008 | 971007s1997 sp ||||1| spa d | ||
| 020 | _a84-406-7262-4 | ||
| 080 | _a239:282 | ||
| 080 | _a282:239 | ||
| 100 | 1 |
_aRodríguez, Pepe. _998296 |
|
| 245 | 1 | 0 |
_aMentiras fundamentales de la Iglesia / _cPepe Rodríguez. |
| 250 | _a1ª ed. | ||
| 260 |
_aBarcelona [etc] : _bEdiciones B, _c1997. |
||
| 300 |
_a447 p. ; _c23 cm. |
||
| 500 | _aEn la cubierta : Mentiras fundamentales de la Iglesia Católica. | ||
| 504 | _aBibliografía. | ||
| 610 | 2 | 7 |
_aIglesia Católica- _vObras de controversia. _94654 |
| 852 |
_aES-MaACL _jL-20203 _bR.126175 |
||
| 999 |
_c12901 _d12901 |
||